Laddar...
Hriday ki parakh /
| Huvudupphovsman: | |
|---|---|
| Materialtyp: | Printed Book |
| Språk: | Hindi |
| Publicerad: |
:
Hind Pocket Books Pvt Ltd ,
1962.
|
| Upplaga: | 1 / |
| LEADER | 00581cam a2200193ua 4500 | ||
|---|---|---|---|
| 020 | |c Rs 2.00 | ||
| 041 | |a hin | ||
| 082 | |a 891.54 |b ACH/HR | ||
| 100 | |a Acharya, Chatursen . | ||
| 245 | |a Hriday ki parakh / |c Acharya Chatursen. |h Textual Documents | ||
| 250 | |a 1 / |b . | ||
| 260 | |a : |b Hind Pocket Books Pvt Ltd , |c 1962. | ||
| 300 | |a 112 ; . | ||
| 365 | |a Rs 2.00 | ||
| 504 | |||
| 541 | |e 5751 |h Rs 2.00 | ||
| 942 | |c BK | ||
| 999 | |c 31846 |d 31846 | ||
| 952 | |0 0 |1 0 |4 0 |6 891_540000000000000 |7 0 |9 42036 |a KAUAET |b KAUAET |d 2012-04-07 |m 0 |o 891.54 |p KAU_KCAET-5751 |r 2012-04-07 |w 2012-04-07 |y BK | ||